Korupce jako ekonomický jev a její vliv v ČR a SR
Vymedzenie pojmu a definície korupcie. História a klasifikácia korupcie. Meranie korupcie. Corruption Perception Index (CPI). Vývoj CPI v ČR a SR. CPI v rokoch 2000-2007 ve vybraných krajinách a ich umiestnenie. Ďalšie indexy hodnotenia korupcie.
Gespeichert in:
| 1. Verfasser: | |
|---|---|
| Format: | Buchkapitel |
| Sprache: | Tschechisch |
| Schlagworte: | |
| Tags: |
Keine Tags, Fügen Sie das erste Tag hinzu!
|
MARC
| LEADER | 00000nla$a2200000$$$4500 | ||
|---|---|---|---|
| 001 | 0124715 | ||
| 005 | 20220519122124.4 | ||
| 041 | 0 | |a cze | |
| 044 | |a CZ | ||
| 245 | 1 | 0 | |a Korupce jako ekonomický jev a její vliv v ČR a SR |c Pavlína Pellešová |
| 520 | |a Vymedzenie pojmu a definície korupcie. História a klasifikácia korupcie. Meranie korupcie. Corruption Perception Index (CPI). Vývoj CPI v ČR a SR. CPI v rokoch 2000-2007 ve vybraných krajinách a ich umiestnenie. Ďalšie indexy hodnotenia korupcie. | ||
| 610 | 2 | 0 | |a korupcia |
| 610 | 2 | 0 | |a pojmy |
| 610 | 2 | 0 | |a meranie |
| 610 | 2 | 0 | |a indexy |
| 610 | 2 | 0 | |a história |
| 610 | 2 | 0 | |a Česko |
| 610 | 2 | 0 | |a Slovensko |
| 100 | 1 | |a Pellešová, Pavlína | |